| 000 | 00349nam a2200121Ia 4500 | ||
|---|---|---|---|
| 008 | 230907s9999||||xx |||||||||||||| ||und|| | ||
| 082 |
_a337 _bSNO |
||
| 100 |
_aSnowdon, Brian _9115404 |
||
| 245 | 0 | _aGlobalisation, development and transition : | |
| 260 |
_aEdward Elgar Publishing Inc., _bCheltonham : _c2007 |
||
| 300 | _axviii, 537 p. | ||
| 942 | _cBK | ||
| 999 |
_c598329 _d598329 |
||